000 02760nam0a2200445 4500
001 RU\NLR\bibl\193799
005 20250619090726.0
010 _a5-7579-0313-9
_9100
021 _aRU
_b2000-53519
_92470
035 _a(NLR Aleph) 000190293
090 _a1100384
_c1100384
100 _a20010216d2000 |||y0rusy50 ca
101 0 _arus
102 _aRU
105 _aa |||||||||
200 1 _aОсновы проектирования электронных средств
_eОбщ. вопр. проектирования
_eУчеб. пособие
_fВ. Г. Саиткулов, А. И. Нистюк, П. А. Ушаков, И. Б. Аксенов
_gМ-во образования Рос. Федерации, Казан. гос. техн. ун-т им. А. Н. Туполева
210 _aКазань
_cИзд-во Казан. гос. техн. ун-та
_d2000
215 _a78,[1] с.
_cил.
_d20
320 _aБиблиогр.: с. 79
606 0 _aРадиоэлектронная аппаратура
_jРуководства, пособия и т.п. для высшей школы
_xПроектирование
_xЭргономические требования
_92048831
_3RU\NLR\auth\66945050
606 0 _aРадиоэлектронная аппаратура
_jУчебные издания для высшей школы
_xПроектирование
_xЭргономические требования
_92048831
_3RU\NLR\auth\66945050
606 0 _aЭлектронные приборы
_jРуководства, пособия и т.п. для высшей школы
_xПроектирование
_xЭргономические требования
_92224097
_3RU\NLR\auth\661335290
606 0 _aЭлектронные приборы
_jУчебные издания для высшей школы
_xПроектирование
_xЭргономические требования
_92224097
_3RU\NLR\auth\661335290
610 0 _aРадиоэлектронная аппаратура - проектирование - техническая документация
610 0 _a"Человек и машина", система
675 _a621.396.6.001.63(075.8)
_v3
_zrus
686 _a49.43
_2rugasnti
686 _a32.844-02я73
_2rubbk
686 _aЗ85-021.7я73-1
686 _aЗ844-021.7я73-1
701 1 _aСаиткулов
_gВладимир Гельманович
_4070
701 1 _aНистюк
_gАнатолий Иванович
_4070
701 1 _aУшаков
_gПетр Архипович
_4070
701 1 _aАксенов
_gИгорь Борисович
_4070
801 0 _aRU
_bRKP
_c20010216
_gPSBO
801 1 _aRU
_bRKP
_c20010216
801 2 _aRU
_bNLR
_c20011121
_grcr
942 _cBOOK
980 _aNB